Cogeneration combined heat and power, CHP: thermodynamics and economics
Salvato in:
| Autore principale: | |
|---|---|
| Natura: | Libro |
| Lingua: | inglese |
| Pubblicazione: |
Oxford
Krieger
1997
|
| Soggetti: | |
| Tags: |
Aggiungi Tag
Nessun Tag, puoi essere il primo ad aggiungerne!!
|
MARC
| LEADER | 00000nam a2200000 a 4500 | ||
|---|---|---|---|
| 001 | UCO2479 | ||
| 003 | CL-VaPUC | ||
| 008 | 000602e19970000UK |||||||||||||||||eng|d | ||
| 082 | 0 | 4 | |a 333.793 |b HOR |2 21 |
| 100 | 0 | |a Horlock, J. H |e author |9 445699 | |
| 245 | 1 | 0 | |a Cogeneration combined heat and power, CHP: thermodynamics and economics |
| 300 | |a 226 p | ||
| 942 | |c BK | ||
| 945 | |d 20000602 00:00:00 |a vberengu | ||
| 260 | |a Oxford |b Krieger |c 1997 | ||
| 650 | 0 | |a Calor |9 260253 | |
| 650 | 0 | |a Circuitos |9 263339 | |
| 650 | 0 | |a Cogeneración |9 440297 | |
| 650 | 0 | |a Electricidad |9 260222 | |
| 650 | 0 | |a Termodinámica |9 259320 | |
| 583 | |a last modification |c 20000602 00:00:00 |k Rodrigo Vera | ||
| 999 | |c 288986 |d 288984 | ||